Curt Froboese: (3.5.1891 bis 16.7.1994)

Saved in:
Bibliographic Details
Main Author: Doerr, Wilhelm (Author)
Format: Chapter/Article Conference Paper
Language:German
Published: 1995
In: Pathologie der Leber
Year: 1995, Pages: 696-700
Online Access: Get full text
Author Notes:Wilhelm Doerr

MARC

LEADER 00000caa a2200000 c 4500
001 1907013113
003 DE-627
005 20241205183248.0
007 tu
008 241028s1995 xx ||||| 00| ||ger c
035 |a (DE-627)1907013113 
035 |a (DE-599)KXP1907013113 
035 |a (OCoLC)1475338579 
040 |a DE-627  |b ger  |c DE-627  |e rda 
041 |a ger 
084 |a 33  |2 sdnb 
100 1 |a Doerr, Wilhelm  |d 1914-1996  |e VerfasserIn  |0 (DE-588)118526359  |0 (DE-627)079327451  |0 (DE-576)208899332  |4 aut 
245 1 0 |a Curt Froboese  |b (3.5.1891 bis 16.7.1994)  |c Wilhelm Doerr 
264 1 |c 1995 
300 |a 5 
336 |a Text  |b txt  |2 rdacontent 
337 |a ohne Hilfsmittel zu benutzen  |b n  |2 rdamedia 
338 |a Band  |b nc  |2 rdacarrier 
700 1 |a Froboese, Curt  |e GefeierteR  |0 (DE-588)172089824  |0 (DE-627)697000346  |0 (DE-576)132963310  |4 hnr 
773 0 8 |i Enthalten in  |t Pathologie der Leber  |d Stuttgart : G. Fischer, 1995  |g (1995), Seite 696-700  |h LV, 769 S.  |w (DE-627)1604655542  |w (DE-576)050490796  |z 3437117068  |7 nnam  |a Curt Froboese (3.5.1891 bis 16.7.1994) 
773 1 8 |g year:1995  |g pages:696-700  |g extent:5  |a Curt Froboese (3.5.1891 bis 16.7.1994) 
951 |a AR 
992 |a 20241028 
993 |a ConferencePaper 
994 |a 1995 
998 |g 118526359  |a Doerr, Wilhelm  |m 118526359:Doerr, Wilhelm  |d 910000  |d 912000  |e 910000PD118526359  |e 912000PD118526359  |k 0/910000/  |k 1/910000/912000/  |p 1  |x j  |y j 
999 |a KXP-PPN1907013113  |e 4603556543 
BIB |a Y 
JSO |a {"physDesc":[{"extent":"5 S."}],"name":{"displayForm":["Wilhelm Doerr"]},"person":[{"role":"aut","given":"Wilhelm","display":"Doerr, Wilhelm","family":"Doerr"},{"family":"Froboese","display":"Froboese, Curt","given":"Curt","role":"hnr"}],"origin":[{"dateIssuedDisp":"1995","dateIssuedKey":"1995"}],"title":[{"title_sort":"Curt Froboese","subtitle":"(3.5.1891 bis 16.7.1994)","title":"Curt Froboese"}],"id":{"eki":["1907013113"]},"language":["ger"],"type":{"bibl":"chapter"},"relHost":[{"id":{"eki":["1604655542"],"isbn":["3437117068"]},"disp":"Curt Froboese (3.5.1891 bis 16.7.1994)Pathologie der Leber","type":{"bibl":"edited-book"},"corporate":[{"display":"Deutsche Gesellschaft für Pathologie","role":"oth"}],"recId":"1604655542","physDesc":[{"extent":"LV, 769 S.","noteIll":"Ill., graph. Darst."}],"name":{"displayForm":["im Auftr. der Gesellschaft hrsg. von G. Klöppel"]},"origin":[{"dateIssuedDisp":"1995","dateIssuedKey":"1995","publisherPlace":"Stuttgart ; Jena ; New York","publisher":"G. Fischer"}],"person":[{"role":"edt","given":"Günter","display":"Klöppel, Günter","family":"Klöppel"}],"relMultPart":[{"titleAlt":[{"title":"Herbsttagung der Deutschen Gesellschaft für Pathologie"}],"id":{"zdb":["1163844-8"],"eki":["171194381"]},"disp":"Herbsttagung / Deutsche Gesellschaft für Pathologie","type":{"bibl":"serial"},"corporate":[{"display":"Deutsche Gesellschaft für Pathologie","role":"aut"}],"recId":"171194381","dispAlt":"Deutsche Gesellschaft für Pathologie: Herbsttagung / Deutsche Gesellschaft für Pathologie","origin":[{"publisher":"Fischer ; Demeter","publisherPlace":"Stuttgart ; Jena [u.a.] ; Gräfelfing","dateIssuedKey":"1971","dateIssuedDisp":"1971-"}],"title":[{"title_sort":"Herbsttagung / Deutsche Gesellschaft für Pathologie","title":"Herbsttagung / Deutsche Gesellschaft für Pathologie"}],"language":["ger"],"pubHistory":["2.1971 -"],"part":{"number_sort":["26"],"number":["26"]}},{"id":{"eki":["129508128"],"zdb":["209668-7"],"issn":["0070-4113"]},"note":["Lizenzausg.: Jena : Fischer"],"disp":"Herbsttagung / Deutsche Gesellschaft für Pathologie","recId":"129508128","type":{"bibl":"serial"},"corporate":[{"display":"Deutsche Gesellschaft für Pathologie","role":"aut"}],"title":[{"title_sort":"Verhandlungen der Deutschen Gesellschaft für Pathologie","subtitle":"Tagung","title":"Verhandlungen der Deutschen Gesellschaft für Pathologie"}],"dispAlt":"Deutsche Gesellschaft für Pathologie: Verhandlungen der Deutschen Gesellschaft für Pathologie","origin":[{"dateIssuedKey":"1950","dateIssuedDisp":"1950-","publisherPlace":"München ; Jena ; München ; Jena ; Stuttgart","publisher":"Elsevier, Urban & Fischer ; Urban & Fischer ; Fischer"}],"part":{"number":["79"],"number_sort":["79"]},"language":["ger"],"pubHistory":["32.1948(1950) -"]}],"title":[{"title":"Pathologie der Leber","title_sort":"Pathologie der Leber","subtitle":"gehalten in Hamburg vom 6. - 10. Juni 1995; in Mainz am 6. - 7. Oktober 1995; mit 62 Tabellen"}],"language":["ger"],"part":{"year":"1995","pages":"696-700","text":"(1995), Seite 696-700","extent":"5"}}],"recId":"1907013113"} 
SRT |a DOERRWILHECURTFROBOE1995